000
00337nam a2200145Ia 4500
008
260311s9999 xx 000 0 und d
020
_a
9789386479471
082
_a
615.5
100
_a
RATNANI SONIA
245
0
_a
COMPREHENSIVE STEREOCHEMISTRY
250
_a
FIRST
260
_a
DJ BOOKS
_b
MEDTECH
_c
2026
300
_a
232
942
_c
BK
999
_c
50730
_d
50730